Považie Trenčín

Zobrazenie: Pohľad zhora na mesto, ktorým vpravo v popredí vedie cesta, vedľa ktorej vpravo je Kostola sv. Františka Xaverského s kláštorom piaristov. Vľavo v meste je Kostol Narodenia Panny Márie. Za mestom vpravo sú vodné plochy

Bibliographic Details
Format: Postcard
Language:Slovak
PhysicalDescription:1 pohľadnica čiernobiela 9 x 14 cm
Published: V Trenčíne Leopold Gansel [1921?]
Subjects:

MARC

LEADER 00000nkm a2200000 a 4500
001 vtls012023597
003 SK-MaSNL
005 20260512130142.0
007 kp bo
008 230706q1921 xo g 00 kuslo
015 |a SNBG1921 
035 |a urn:nbn:sk:snk-km00gii6 
035 |a 6E26D7AC-6B94-447C-8205-6C8FB5FFE0E8 
040 |a SNK  |b slo  |c SNK  |e AACR2 
041 0 |a slo 
043 |a e-xo--- 
044 |a xo  |c SK 
072 7 |a 913  |x Regionálna geografia  |2 konspekt 
080 |a 913(437.6)  |2 2011 
080 |a 726:27-523.42  |2 2011 
080 |a 721  |2 2011 
080 |a 711.73  |2 2011 
080 |a 904(084.121)  |2 2011 
080 |a 726:2-523.6:27-789.9  |2 2011 
245 0 0 |a Považie  |h grafika  |b Trenčín 
260 |a V Trenčíne  |b Leopold Gansel  |c [1921?] 
300 |a 1 pohľadnica  |b čiernobiela  |c 9 x 14 cm 
500 |a Názvové údaje prevzaté z obrazovej časti dokumentu 
500 |a Číslo záberu 12 
520 8 |a Zobrazenie: Pohľad zhora na mesto, ktorým vpravo v popredí vedie cesta, vedľa ktorej vpravo je Kostola sv. Františka Xaverského s kláštorom piaristov. Vľavo v meste je Kostol Narodenia Panny Márie. Za mestom vpravo sú vodné plochy 
610 2 7 |a Kostol Narodenia Panny Márie (Trenčín, Slovensko)  |2 SNKKA  |9 589169 
610 2 7 |a Kostol sv. Františka Xaverského (Trenčín, Slovensko)  |2 SNKKA  |9 461769 
650 0 7 |a kultúrne pamiatky  |2 SNKPH  |9 2862 
650 0 7 |a budovy  |2 SNKPH  |9 1283 
650 0 7 |a kostoly  |2 SNKPH  |9 3023 
650 0 7 |a ulice  |2 SNKPH  |9 2938 
650 0 7 |a piaristické kláštory  |2 SNKPH  |9 107196 
651 7 |a Trenčín (Slovensko)  |2 SNKPHgeo  |9 159956 
655 7 |a miestne pohľadnice  |2 SNKPH  |9 70510 
655 7 |a pohľadnice kultúrnych pamiatok  |2 SNKPH  |9 70523 
752 |a Slovensko  |d Trenčín 
852 |a Slovenská národná knižnica 
958 |a GBN 
958 |a ONDV 
958 |a GC 
999 |c 1163783  |d 1165713 
952 |a SNK  |b SNK  |y PREZ  |7 0  |p 17A1410539  |o snkSP 67976  |z Pohľadnica prešla poštou.  |0 0  |1 0  |4 0  |d 2021-04-16  |f 1  |l 0  |r 2026-02-24 20:41:12  |w 2026-02-24 
952 |a SNK  |b SNK  |y PREZ  |7 0  |p 17A1410824  |o snkSP 67976 D1  |z Pohľadnica prešla poštou.  |0 0  |1 0  |4 0  |d 2021-04-16  |l 0  |r 2026-02-24 20:41:12  |w 2026-02-24